| 000 | 01162nac a22003617a 4500 | ||
|---|---|---|---|
| 001 | BR0803386 | ||
| 003 | BR-BrBNA | ||
| 005 | 20240105123558.0 | ||
| 008 | 230509b bl.|||m| |||| 00| 0 por d | ||
| 040 |
_aBR-BrBNA _bpor _cBiblioteca Nacional de Agricultura |
||
| 072 | _aL73 | ||
| 090 | _a5300 BR0803386 | ||
| 100 | 1 | _aCiacci-Zanella, J.R. | |
| 100 | 1 | _aMorés, N. | |
| 100 | 1 | _aFernandes, L.T. | |
| 100 | 1 | _aBassi, S.S. | |
| 100 | 1 | _aTrombetta, C. | |
| 100 | 1 | _aSchiochet, M.F. | |
| 110 | 1 | _aEMBRAPA Suínos e Aves, Concórdia, SC (Brasil) | |
| 245 | 1 | _aEstudo da ocorrência de circovírus suino tipo 2 (PCV2)em suínos vivos ou em materiais com suspeita clínica de circovirose suína enviados para diagnóstico | |
| 260 | 3 |
_aConcórida, SC (Brasil): _c2003. |
|
| 300 | _a4 p. | ||
| 490 |
_aComunicado Técnico - EMBRAPA Suínos e Aves (Brazil) _vno. 339 _xISSN 0100-8862 |
||
| 500 | _a7 ref.; 7 illus. | ||
| 650 | _aSUÍNO | ||
| 650 | _aVÍRUS | ||
| 650 | _aINFECÇÃO | ||
| 650 | _aDIAGNÓSTICO | ||
| 650 | _aHISTOPATOLOGIA | ||
| 650 | _aSÍNDROME | ||
| 909 |
_a202312 _bLúcia Elande _c55 _dLúcia Elande |
||
| 942 |
_2AGRIS _n0 _cMS |
||
| 999 |
_c296073 _d296073 |
||